[Event "Arco op 41st"]
[Site "Arco"]
[Date "2019.10.10"]
[Round "7"]
[White "Privitera, Franco"]
[Black "Arifi, Krenar"]
[Result "1-0"]
[WhiteElo "1950"]
[BlackElo "1739"]
[PlyCount "45"]
[EventDate "2019.10.04"]
[EventType "swiss"]
[EventRounds "9"]
[EventCountry "ITA"]
[SourceTitle "EXT 2020"]
[Source "ChessBase"]
[SourceDate "2019.10.17"]
[SourceVersion "1"]
[SourceVersionDate "2019.10.17"]
[SourceQuality "1"]

1. d4 Nf6 2. Nf3 e6 3. Bf4 d5 4. e3 c5 5. c3 Nc6 6. Nbd2 Bd6 7. Bg3 cxd4 8. exd4 0-0 9. Bd3 Ne7 10. Ne5 Rb8 11. Qf3 Qc7 12. 0-0 b5 13. Rac1 Ng6 14. Rfe1 Nd7 15. Qh5 Nf6 16. Qe2 a6 17. Ndf3 Bb7 18. Ng5 Rbc8 19. h4 Ne7 20. Ng4 Bxg3 21. Nxf6+ gxf6 22. Qh5 Bxf2+ 23. Kh1 1-0